000 00602nam a2200193Ia 4500
005 20250326144817.0
008 250326s9999 xx 000 0 und d
020 _a1-84376-883-6
037 _aTextbook
040 _aFMSL
_beng
_cFMSL
041 _aeng
_2eng
084 _aX:5 P4
_qFMSL
100 _aBoldrin Michele Ed.
_9750143
245 0 _aHuman capital, trade and public policy in raidly growing economies
_cBoldrin Michele And Others Ed.
260 _aUnited Kingdom
_bUnited Kingdom, Edward Elgar
_c2004
300 _axii,300
942 _cTB
_hX:5 P4
999 _c1305159
_d1305159